| 000 | 02031nam a22004571a 4500 | ||
|---|---|---|---|
| 003 | CO-CtgCURN | ||
| 005 | 20250331185255.0 | ||
| 007 | ta | ||
| 008 | 060628s2009 mx ad gr 001 0 spa d | ||
| 020 | _a9789701073469 | ||
| 040 |
_aCO-CtgCURN _bspa _ccoctgcurn |
||
| 082 | 0 | 4 |
_a658.404 _bM828 _223 |
| 100 | 1 | _aMorales Castro, José Antonio. | |
| 245 | 1 | 0 |
_aProyectos de inversion : _bevaluacion y formulacion / _cJosé Antonio Morales Castro, Arturo Morales Castro. |
| 260 |
_aMexico D.F. : _bMcGraw-Hill Interamericana Editores S.A, _c2009. |
||
| 300 |
_axx, 402 p. : _bgraficas y diagramas. |
||
| 336 | _2rdacontent | ||
| 337 |
_2rdamedia _asin mediacion _bn |
||
| 338 |
_2rdacarrier _avolumen _bnc |
||
| 490 | 0 | _aEducación | |
| 500 | _aIncluye indice analitico (p. 389-402) | ||
| 505 | 0 | _aIdentificacion de proyectos de inversion - Etapas y estudios de los proyectos de inversion - Estudio de mercado - Estudio tecnico - Estudio administrativo - Evaluacion del impacto ambiental - Estudio financiero - Análisis de riesgo - Anal̀isis de sensibilidad - Evaluacoi̤ de proyectos de inversoi̤ - Temas especiales de aaǹisis en proyectos de inversoi̤. | |
| 590 | _aContaduria publica | ||
| 590 | _aAdministración de empresas | ||
| 650 | 1 | 4 |
_aCapital. _2Tesauro Unesco |
| 650 | 1 | 4 |
_aCapital. _2Tesauro Unesco |
| 650 | 1 | 4 |
_aFinanciacion. _2Tesauro Unesco |
| 650 | 1 | 4 |
_aFinancing. _2Tesauro Unesco |
| 650 | 1 | 4 |
_aEstructura del mercado. _2Tesauro Unesco |
| 650 | 1 | 4 |
_aMarket structure. _2Tesauro Unesco |
| 650 | 1 | 4 |
_aOferta y demanda. _2Tesauro Unesco |
| 650 | 1 | 4 |
_aSupply and demand. _2Tesauro Unesco |
| 650 | 1 | 4 |
_aEstado financiero. _2Tesauro Unesco |
| 650 | 1 | 4 |
_aFinancial statements. _2Tesauro Unesco |
| 650 | 1 | 4 |
_aAnálisis de datos. _2Tesauro Unesco |
| 650 | 1 | 4 |
_aData analysis. _2Tesauro Unesco |
| 700 | 1 | _aMorales Castro, Arturo. | |
| 700 | 1 |
_aAdam Siade, Juan Alberto, _erevision tecnica. |
|
| 942 |
_cBK _h658.404 _iM828 _2ddc |
||
| 999 |
_c24955 _d24955 |
||